| 000 | 02238nam a2200493Ii 4500 | ||
|---|---|---|---|
| 001 | DIGIBE0027 | ||
| 003 | NyNyDIG | ||
| 008 | 140701s2011 sp ob 000 0 spa d | ||
| 006 | m o d | ||
| 007 | cr ||||||||||| | ||
| 020 |
_a9783954871490 _q(eBook) |
||
| 020 |
_z9788484895930 _q(Iberoamericana) |
||
| 020 |
_z8484895939 _q(Iberoamericana) |
||
| 020 |
_z9783865276445 _q(Vervuert) |
||
| 020 |
_z386527644X _q(Vervuert) |
||
| 035 | _a(OCoLC)891306105 | ||
| 043 |
_as-cl--- _an-mx--- |
||
| 040 |
_aDGITA _beng _erda _epn _cDGITA |
||
| 050 | 1 | 4 | _aPQ8036 eBook |
| 100 | 1 |
_aCánovas, Rodrigo, _d1952- _eauthor. |
|
| 245 | 1 | 0 |
_aLiteratura de inmigrantes árabes y judíos en Chile y México / _cRodrigo Cánovas. |
| 264 | 1 |
_aMadrid : _bIberoamericana ; _aFrankfurt am Main : _bVervuert ; _aSantiago de Chile : _bPontificia Universidad Católica de Chile, _c2011. |
|
| 300 | _a1 online resource (295 pages). | ||
| 336 |
_atext _btxt _2rdacontent |
||
| 337 |
_acomputer _bc _2rdamedia |
||
| 338 |
_aonline resource _bcr _2rdacarrier |
||
| 490 | 1 |
_aNuevos Hispanismos ; _v 13 |
|
| 504 | _aIncludes bibliographical references (pages [281]-295). | ||
| 588 | 0 | _aOnline resource; title from ePub and PDF title page (Digitalia, viewed July 5, 2014) | |
| 650 | 0 |
_aChilean literature _xArab authors _xHistory and criticism. |
|
| 650 | 0 |
_aChilean literature _xJewish authors _xHistory and criticism. |
|
| 650 | 0 |
_aChilean literature _y20th century _xHistory and criticism. |
|
| 650 | 0 |
_aMexican literature _xArab authors _xHistory and criticism. |
|
| 650 | 0 |
_aMexican literature _xJewish authors _xHistory and criticism. |
|
| 650 | 0 |
_aMexican literature _y20th century _xHistory and criticism. |
|
| 655 | 0 | _aElectronic books. | |
| 791 | 2 |
_aDigitalia (Firm), _edistributor. |
|
| 793 | 0 |
_gDigitalia eBook Collection: _aIberoamericana/Vervuert. |
|
| 776 | 0 | 8 |
_iPrint version: _aCánovas, Rodrigo. _tLiteratura de inmigrantes árabes y judíos en Chile y México. _dMadrid : Iberoamericana ; Frankfurt am Main : Vervuert, 2011 _z9788484895930 _w(OCoLC)759122184 |
| 830 | 0 |
_aNuevos Hispanismos ; _v 13. |
|
| 856 | 4 | 0 |
_3Digitalia Hispánica _uhttps://www.digitaliapublishing.com/a/23418/ |
| 910 | _aPremium Collection: 2013 | ||
| 942 | _cRAA | ||
| 999 |
_c237671 _d237671 |
||